Statistics for Answers are Band Names

Click here to take the quiz!

General Stats

  • This quiz has been taken 12,774 times
  • The average score is 11 of 20

Answer Stats

Definition Musical Act % Correct
Dorothy's dogToto
82%
Spring, summer, fall and winterThe Four Seasons
78%
They gather no mossThe Rolling Stones
77%
Stage of sleep with vivid dreamsR.E.M.
75%
Town where Jesus grew upNazareth
69%
Prison stormed in the
French Revolution
Bastille
68%
Assassinated Austrian ArchdukeFranz Ferdinand
64%
River dividing Earth and HadesStyx
63%
Motor that runs on alternating
or direct current
AC/DC
59%
"Back to the Future" protagonistMcFly
58%
International police organizationInterpol
57%
State in the heart of DixieAlabama
52%
Capital of LebanonBeirut
52%
Sharps and flats on the pianoThe Black Keys
52%
Former Duchess of YorkFergie
49%
Short for "Management"MGMT
47%
Gigantic Boeing bomber planesB-52's
42%
An artistic representation of
the Virgin Mary
Madonna
37%
TV punditsTalking Heads
21%
Brand of 190 proof liquorEverclear
19%

Score Distribution

Percentile by Number Answered

Percent of People with Each Score

Your Score History

You have not taken this quiz